Administración de bienes fiscales y municipales

Saved in:
Bibliografiske detaljer
Hovedforfatter: Ojeda Ojeda, Bernardo (autor)
Format: Bog
Sprog:spansk
Udgivet: Santiago Jurídica de Chile 1987
Santiago Ediar-Conosur 1987
Fag:
Tags: Tilføj Tag
Ingen Tags, Vær først til at tagge denne postø!

MARC

LEADER 00000nam a2200000 a 4500
001 UCS0422
003 CL-VaPUC
008 970426e19870000CL |||||||||||||||||spa|d
082 0 4 |a 343.02  |b OJE  |2 21 
100 |a Ojeda Ojeda, Bernardo  |e autor  |9 764400 
245 1 0 |a Administración de bienes fiscales y municipales 
300 |a 205 p 
942 |c BK 
945 |d 19970426 00:00:00  |a cmena 
260 |a Santiago  |b Jurídica de Chile  |c 1987 
260 |a Santiago  |b Ediar-Conosur  |c 1987 
600 0 7 |a CONTRALORIA GENERAL DE LA REPUBLICA  |2 CL-VaPUC  |9 255756 
600 0 7 |a MINISTERIO DEL INTERIOR  |2 CL-VaPUC  |9 383891 
650 0 |a Administración pública   |9 255343 
650 7 |a BIENES MUNICIPALES  |2 CL-VaPUC  |9 383892 
650 7 |a BIENES NACIONALES  |2 CL-VaPUC  |9 357395 
650 0 |a Derecho administrativo  |9 254851 
651 7 |a CHILE  |2 CL-VaPUC  |9 383893 
583 |a last modification  |c 20131002 05:03:07  |k Rodrigo Vera 
999 |c 258650  |d 258648 
952 |0 0  |1 0  |4 0  |6 343_020000000000000_OJE_1987_1987  |7 0  |8 A  |9 282904  |a BIBDER  |b BIBDER  |d 2019-11-19  |i 1837214  |l 1  |m 1  |o 343.02 OJE 1987 1987  |p 1837214  |r 2023-03-16  |s 2023-03-14  |w 2019-11-19  |y BK  |k DER